Statistics for Latinski izreke

Click here to take the quiz!

General Stats

  • This quiz has been taken 6 times
  • The average score is 1 of 10

Answer Stats

HintAnswer% Correct
2Ab ovo
83%
3Ad hoc
17%
4Ad literam
0%
5Agenda
0%
6Alias
0%
7Alibi
0%
8Alter ego
0%
9Anno Domini
0%
1A priori
0%
10Audiatur et altera pars!
0%

Score Distribution

Percentile by Number Answered

Percent of People with Each Score

Your Score History

You have not taken this quiz